=LDR 00000nam 2200000 4500 =001 INLIS000000000002704 =005 20140326115016.0 =006 =007 =008 Ind =035 ##$$a 0010-061300000002704 =041 ##$$a Ind =082 ##$$a 343.07 =090 ##$$a 343.07, Sho p =100 ##$$a Shofie, Yusuf =245 ##$$a Perlindungan konsumen dan instrumen-instrumen hukumnya, Yusuf Shofie =260 ##$$a 2000 $b Bandung =300 ##$$a xvi,330 hlm, 21 cm =650 ##$$a Konsumen Jaminan =850 ##$$a NBPNMAT